| 000 | 00717nam a22002177a 4500 | ||
|---|---|---|---|
| 003 | UA-OsUOA | ||
| 001 | 30845 | ||
| 007 | ta | ||
| 008 | 20041116b un ||||| |||| 00| 0 ukr d | ||
| 090 | _bП78 | ||
| 942 | _cBK | ||
| 040 |
_aUA-OsUOA _bukr _cUA-OsUOA _dUA-OsUOA |
||
| 245 |
_aПрограма конференції. Україна-Греція _bІсторична спадщина і перспективи співробітництва _c570 Кер.роботи О.О.Павленко |
||
| 300 | _a91 с. | ||
| 955 | _a0 | ||
| 041 | _aukr | ||
| 260 |
_aМаріуполь _bМаріупольський гуманітарний інститут _c1999 |
||
| 044 | _aUA | ||
| 650 | 7 | _2UDC | |
| 999 |
_c317260 _d317260 |
||